LEADER 00945cam0-2200349---450- 001 990004168420403321 005 20110217105841.0 035 $a000416842 035 $aFED01000416842 035 $a(Aleph)000416842FED01 035 $a000416842 100 $a19990604d1937----km-y0itay50------ba 101 0 $aita 102 $aIT 105 $a--------001ed 200 1 $aLettere$fPietro Giordani$ga cura di Giovanni Ferretti 210 $aBari$cLaterza$d1937 215 $a2 v.$d22 cm 225 1 $aScrittori d'Italia 676 $a856.7 700 1$aFerretti,$bGiovanni$0386331 702 1$aGiordani,$bPietro$f<1774?1848> 801 0$aIT$bUNINA$gRICA$2UNIMARC 901 $aBK 912 $a990004168420403321 952 $a858.7 GIOR 2(1;1)$bBibl.15334$fFLFBC 952 $a858.7 GIOR 2(1;2)$bBibl.15334$fFLFBC 952 $aBIB. BAT.3422$fBAT 959 $aFLFBC 959 $aBAT 996 $aLettere$9485639 997 $aUNINA